[Event "Minsk op"]
[Site "Minsk"]
[Date "2023.11.09"]
[Round "7"]
[White "Kakhno, Barys"]
[Black "Voishnis, Ivan"]
[Result "1-0"]
[WhiteElo "1352"]
[BlackElo "1111"]
[PlyCount "71"]
[EventDate "2023.11.03"]
[EventType "swiss"]
[EventRounds "9"]
[EventCountry "BLR"]
[SourceTitle "CB46_2023"]
[SourceDate "2023.11.15"]
[SourceVersion "1"]
[SourceVersionDate "2023.11.15"]
[SourceQuality "1"]

1. d4 d5 2. c4 e6 3. Nc3 c6 4. Nf3 f5 5. g3 Nf6 6. Bg2 Bd6 7. 0-0 0-0 8. Bf4 Bxf4 9. gxf4 Ne4 10. Ne5 Nd7 11. f3 Nxc3 12. bxc3 Nxe5 13. fxe5 f4 14. Kh1 dxc4 15. e4 b5 16. Qd2 Bb7 17. Bh3 Qe7 18. a4 a6 19. Rg1 Rae8 20. Rg4 Qf7 21. Rag1 g6 22. Rh4 Kh8 23. Rgg4 Qg7 24. Kg2 g5 25. Rh5 h6 26. Rgxg5 Qxg5+ 27. Rxg5 hxg5 28. Qb2 Rf7 29. Bg4 Rh7 30. Qb4 Kg8 31. Qd6 Kf7 32. Qd7+ Re7 33. Bxe6+ Kg6 34. Bf5+ Kf7 35. e6+ Kf6 36. Qd8 1-0

[Event "Minsk op"]
[Site "Minsk"]
[Date "2023.11.06"]
[Round "4"]
[White "Voishnis, Ivan"]
[Black "Suvorov, Nikita"]
[Result "0-1"]
[WhiteElo "1111"]
[BlackElo "1351"]
[PlyCount "108"]
[EventDate "2023.11.03"]
[EventType "swiss"]
[EventRounds "9"]
[EventCountry "BLR"]
[SourceTitle "CB46_2023"]
[SourceDate "2023.11.15"]
[SourceVersion "1"]
[SourceVersionDate "2023.11.15"]
[SourceQuality "1"]

1. e4 d6 2. d4 Nf6 3. Nc3 c6 4. Be3 Qa5 5. f3 e5 6. dxe5 dxe5 7. Bc4 Be6 8. Bxe6 fxe6 9. Nge2 Nbd7 10. 0-0 Bc5 11. Qc1 0-0 12. Bxc5 Qxc5+ 13. Kh1 Nh5 14. Qe1 Nf4 15. g3 Nxe2 16. Qxe2 Rf7 17. Kg2 Raf8 18. Rad1 Nb6 19. Rd3 g5 20. h3 Qe7 21. Nd1 Nd7 22. Ne3 h5 23. Rdd1 b5 24. c4 a6 25. b3 Kh7 26. Rh1 Qf6 27. Rdf1 Qg6 28. Nc2 h4 29. g4 Qf6 30. Qe3 Qf4 31. Qxf4 Rxf4 32. Ne1 bxc4 33. bxc4 Nc5 34. Nc2 a5 35. Ne3 Kg7 36. a3 R8f7 37. Rhg1 Nb3 38. Rf2 Nd4 39. Rgf1 c5 40. Nc2 Kf8 41. Ne1 Rb7 42. Nd3 Rb3 43. Nxc5 Rxa3 44. Nd7+ Ke8 45. Nxe5 a4 46. Rd1 Nb3 47. Rd6 Nc5 48. Rc6 Nd3 49. Rxe6+ Kf8 50. Ng6+ Kf7 51. Nxf4 Nxf4+ 52. Kg1 Ra1+ 53. Kh2 Kxe6 54. c5 Re1 0-1